| 000 | 00670nam a2200181 a 4500 | ||
|---|---|---|---|
| 001 | 000020104 | ||
| 005 | 20240305073653.0 | ||
| 008 | 100721s1995 dr c 000 0 spa d | ||
| 040 |
_aDO-SdBNP _bspa _cBNPHU |
||
| 082 |
_axxxx _bR696 |
||
| 100 | 1 |
_aRodríguez Demorizi, Silveria _942692 |
|
| 245 | 1 | 0 |
_aEn la revolución constitucionalista / _cSilveria Rodríguez Demorizi, Emilio Rodríguez Demorizi. |
| 260 |
_aSanto Domingo : _bTaller, _c1995. |
||
| 300 |
_a256 p. : _bretrs. ; _c23 cm. |
||
| 500 | _aIncluye índice onomástico | ||
| 504 | _aIncluye referencias bibliográficas y notas al pie de las páginas | ||
| 700 | 1 |
_aRodríguez Demorizi, Emilio, _d1908-1986 _91039 |
|
| 999 |
_c19612 _d19612 |
||